000
00298nam a2200097Ia 4500
008
220204s9999 xx 000 0 und d
082
_a
339.5
_b
IND;1
245
0
_a
India's trade agreements with other countries: 1960 and 1963
260
_a
New Delhi
_b
Ministry of commerce & Industry
_c
1963
942
_c
BK
999
_c
20054
_d
20054